Development of sites containing expansive ferrous slags (Record no. 104406)

MARC details
000 -LEADER
fixed length control field 00974cam a2200289 4500
001 - CONTROL NUMBER
control field 19L130237
008 - FIXED-LENGTH DATA ELEMENTS--GENERAL INFORMATION
fixed length control field 050704n2005 000 0 eng u
020 ## - INTERNATIONAL STANDARD BOOK NUMBER
International Standard Book Number 1860817580
035 ## - SYSTEM CONTROL NUMBER
System control number (Sirsi) u130237
041 ## - LANGUAGE CODE
Language code of text/sound track or separate title eng
050 ## - LIBRARY OF CONGRESS CALL NUMBER
Classification number 333.73
-- 18
100 ## - MAIN ENTRY--PERSONAL NAME
Personal name Dunster, A. M.
245 ## - TITLE STATEMENT
Title Development of sites containing expansive ferrous slags
260 ## - PUBLICATION, DISTRIBUTION, ETC.
Place of publication, distribution, etc. Watford
Name of publisher, distributor, etc. BRE
Date of publication, distribution, etc. 2005
300 ## - PHYSICAL DESCRIPTION
Extent 12p.
Dimensions 30cm.
490 ## - SERIES STATEMENT
Series statement BRE Information Paper
Volume/sequential designation 8/05
520 ## - SUMMARY, ETC.
Summary, etc. Intended for engineering and geo-environmental consultants this paper gives guidance on the assessment and development of sites that may contain ferrous slag.
590 ## - LOCAL NOTE (RLIN)
Local note IKA190705
690 ## - LOCAL SUBJECT ADDED ENTRY--TOPICAL TERM (OCLC, RLIN)
Topical term or geographic name as entry element PROPERTY-RURAL AND NATURAL ASSETS-LAND-CONTAMINATED LAND
700 ## - ADDED ENTRY--PERSONAL NAME
Personal name Longworth, T. I.
700 ## - ADDED ENTRY--PERSONAL NAME
Personal name Nixon, P. J.
700 ## - ADDED ENTRY--PERSONAL NAME
Personal name Lane, S. J.
700 ## - ADDED ENTRY--PERSONAL NAME
Personal name Collins, R. J.
710 ## - ADDED ENTRY--CORPORATE NAME
Corporate name or jurisdiction name as entry element Building Research Establishment
710 ## - ADDED ENTRY--CORPORATE NAME
Corporate name or jurisdiction name as entry element United Kingdom
Subordinate unit Department of Trade and Industry
942 ## - ADDED ENTRY ELEMENTS (KOHA)
Suppress in OPAC 0
Holdings
Withdrawn status Lost status Source of classification or shelving scheme Damaged status Not for loan Home library Current library Shelving location Date acquired Total Checkouts Full call number Barcode Date last seen Copy number Price effective from Koha item type
    Dewey Decimal Classification     London London BRE publications 15/07/2005   ENQUIRY DESK 30067597 06/08/2019 1 06/08/2019 Book